Las estructuras elementales de la violencia. Ensayos sobre género entre la antropología, el psicoanálisis y los derechos humanos.

Сохранить в:
Библиографические подробности
Главный автор: Segato, Rita Laura (autora)
Формат:
Язык:испанский
Опубликовано: Santiago, Chile: Prometeo Libros; LOM Ediciones, 2020.
Предметы:
Метки: Добавить метку
Нет меток, Требуется 1-ая метка записи!

MARC

LEADER 00000nam a22000007a 4500
003 CL-VaPUC
005 20250407202438.0
008 250307t2020 ||||| |||| 00| 0 spa d
999 |c 447157  |d 447155 
020 |a 978-956-00-1339-2 
040 |c Pontificia Universidad Católica de Valparaíso 
082 |2 22  |a 305.3 SEG 2020 
100 |9 521476  |a Segato, Rita Laura  |e autora 
245 |a Las estructuras elementales de la violencia.  |b Ensayos sobre género entre la antropología, el psicoanálisis y los derechos humanos. 
260 |a Santiago, Chile:  |b Prometeo Libros;  |b LOM Ediciones,  |c 2020. 
300 |a 257 páginas. 
500 |a c.1.-c.3-: Instituto Arcos. 08-01-2025 
583 |c 20250307  |k Yessy Sthefany Diaz Vidal 
650 0 |9 255411  |a Violencia  |x Aspectos culturales, psicológicos y sociales  |y Siglo 21 
650 0 |9 484536  |a Delitos contra las mujeres   |x Violencia intrafamiliar 
942 |2 ddc  |c BK  |n 0 
952 |0 0  |1 0  |2 ddc  |4 0  |6 305_300000000000000_SEG_2020  |7 0  |8 A  |9 600735  |a BIBINC  |b BIBINC  |d 2025-03-07  |e Instituto Arcos  |i 5665483  |o 305.3 SEG 2020  |p 5665483  |r 2025-03-07  |t 1  |w 2025-03-07  |y BK  |k IFP 
952 |0 0  |1 0  |2 ddc  |4 0  |6 305_300000000000000_SEG_2020  |7 0  |8 A  |9 601288  |a BIBINC  |b BIBINC  |d 2025-03-07  |e Instituto Arcos  |i 5666138  |o 305.3 SEG 2020  |p 5666138  |r 2025-03-14  |t 2  |w 2025-03-07  |y BK  |k IFP 
952 |0 0  |1 0  |2 ddc  |4 0  |6 305_300000000000000_SEG_2020  |7 0  |8 A  |9 601289  |a BIBINC  |b BIBINC  |d 2025-03-07  |e Instituto Arcos  |i 5666139  |l 1  |o 305.3 SEG 2020  |p 5666139  |r 2025-04-07  |s 2025-04-02  |t 3  |w 2025-03-07  |y BK  |k IFP